| 000 | 00364nam a22001337a 4500 | ||
|---|---|---|---|
| 020 | _a0-534-06396-9 | ||
| 082 | _a515.07 RAD'I | ||
| 100 |
_aVAVRA, A , RICHICKI, S , RADFORD, L _965582 |
||
| 245 | _aTECHNICAL MATHEMTICS WITH CALCULUS | ||
| 260 |
_aBOSTON _bBRETON _c1986 |
||
| 300 | _aXII, 897P | ||
| 650 |
_aCALCULUS ENGINEERING MATHEMTICS _965583 |
||
| 942 | _cBK | ||
| 999 |
_c573745 _d573745 |
||